Cherita jenaka dan penglipor lara = (Record no. 150294)

MARC details
000 -LEADER
fixed length control field 01070nam a2200325 4500
001 - CONTROL NUMBER
control field C2-0230756
003 - CONTROL NUMBER IDENTIFIER
control field PPAK
005 - DATE AND TIME OF LATEST TRANSACTION
control field 20240319145739.0
008 - FIXED-LENGTH DATA ELEMENTS--GENERAL INFORMATION
fixed length control field 141215t19581958enk g 000 0 may d
020 ## - INTERNATIONAL STANDARD BOOK NUMBER
Qualifying information hardback
040 ## - CATALOGING SOURCE
Original cataloging agency PPAK
Language of cataloging eng
Transcribing agency PPAK
Description conventions rda
082 04 - DEWEY DECIMAL CLASSIFICATION NUMBER
Edition number 23
Classification number 899.2307
090 00 - LOCALLY ASSIGNED LC-TYPE CALL NUMBER (OCLC); LOCAL CALL NUMBER (RLIN)
Classification number (OCLC) (R) ; Classification number, CALL (RLIN) (NR) 398.2
Feature heading CHE
Feature heading KAM
Classification number (OCLC) (R) ; Classification number, CALL (RLIN) (NR) 398.2
Feature heading CHE
Feature heading KSI
Classification number (OCLC) (R) ; Classification number, CALL (RLIN) (NR) 899.2307
Feature heading CHE
Feature heading KWS
245 00 - TITLE STATEMENT
Title Cherita jenaka dan penglipor lara =
Remainder of title AN ANTHOLOGY OF MALAY FOLK AND RHAPSODIST TALES
264 #1 - PRODUCTION, PUBLICATION, DISTRIBUTION, MANUFACTURE, AND COPYRIGHT NOTICE
Place of production, publication, distribution, manufacture London :
Name of producer, publisher, distributor, manufacturer Longmans, Green and Co.,
Date of production, publication, distribution, manufacture, or copyright notice 1958
Date of production, publication, distribution, manufacture, or copyright notice ©1958
300 ## - PHYSICAL DESCRIPTION
Extent viii, 115 pages ;
Dimensions 19 cm
336 ## - CONTENT TYPE
Source rdacontent
Content type term text
337 ## - MEDIA TYPE
Source rdamedia
Media type term unmediated
338 ## - CARRIER TYPE
Source rdacarrier
Carrier type term volume
490 1# - SERIES STATEMENT
Series statement Longmans' Malay Studies Series (Literature)
Series statement KESUSASTERAAN MELAYU RAMPAI-RAMPAI ;
Volume/sequential designation IV
650 10 - SUBJECT ADDED ENTRY--TOPICAL TERM
Topical term or geographic name entry element Malay literature
Form subdivision Study and teaching
Topical term or geographic name entry element Folk literature, Malay
830 #0 - SERIES ADDED ENTRY--UNIFORM TITLE
Uniform title Longmans' Malay studies series (Literature)
Uniform title Kesusasteraan Melayu rampai-rampai ;
Number of part/section of a work iv
942 ## - ADDED ENTRY ELEMENTS (KOHA)
Koha item type Book
Source of classification or shelving scheme Dewey Decimal Classification
Holdings
Withdrawn Not for loan Current library Shelving location Date acquired Full call number Barcode Date last seen Koha item type Total Checkouts
  Not For Loan Perpustakaan Alor Setar Koleksi Salleh Ibrahim 31/10/2000 KSI 398.2 CHE A00210689 31/05/2018 Book  
  Not For Loan Perpustakaan Alor Setar Koleksi Wan Shamsudin 30/04/2024 KWS 398.2 CHE KWS000809 30/04/2024 Book  
  Not For Loan Perpustakaan Kulim Koleksi Ahmad Mokhtar 27/08/2001 KAM 398.2 CHE A00860046 31/05/2018 Book